Statistics for Top 20 largest countries in Europe

Click here to take the quiz!

General Stats

  • This quiz has been taken 600 times
  • The average score is 18 of 20

Answer Stats

Hint Answer % Correct
505,992Spain
100%
547,030France
99%
357,050Germany
99%
301,318Italy
98%
449,964Sweden
98%
385,155Norway
98%
312,665Poland
97%
603,000Ukraine
97%
338,145Finland
97%
131,940Greece
96%
238,392Romania
95%
83,965Austria
92%
93,030Hungary
92%
91,538Portugal
92%
110,910Bulgaria
89%
207,600Belarus
88%
77,453Serbia
84%
78,886Czech Republic
81%
103,000Iceland
73%
244,820United Kingdom
69%

Score Distribution

Percentile by Number Answered

Percent of People with Each Score

Your Score History

You have not taken this quiz